00478nam a22001697a 450000500170000000800410001702000180005804000210007604100080009708200130010510000280011824500680014625000120021426000360022630000100026265000360027220260515114855.0201205b ||||| |||| 00| 0 eng d a9789390434428 aIN-DiNCcIN-DiNC dasm a020bROH aRohman, Wakidureauthor aSnatak mahalar granthagar aru tathya bijnan/cby Wakidur Rohman a1st ed. aGuwahatibEBH publishers,c2021 a189p. aLibrary and information science